000 00728nam a2200277Ia 4500
003 GCL
008 140319s9999 xx 000 0 eng d
020 _a1562182023
040 _aGCL /
_cGCL
082 0 4 _aCH
_b813.1
_bW K
100 1 _aLE GASSICK,TREVOR
245 1 0 _aKONSTANTINE /
_cLE GASSICK,TREVOR
700 1 _aNAGUIB MAHFOUZ
700 1 _aWAGNER, GERDA
700 1 _aBARANKOVA, VLASTA
260 _aنيويورك :
_bATOMUIM BOOKS ،
_c1993
300 _a28 CM
650 0 4 _aLITERATURE
650 0 4 _aARABIC LITERATURE
650 0 4 _aFICTION
650 0 4 _aNAGUIB MAHFOUZ
650 0 4 _aAMERICAN FICTION
650 0 4 _aAMERICAN LITERATURE
650 0 4 _aCHILDREN'S LITERATURE - AMERICAN
942 _2ddc
_cBK
999 _c12835
_d12835